| 000 -LEADER | |
|---|---|
| fixed length control field | 00488nam a22001697a 4500 |
| 005 - DATE AND TIME OF LATEST TRANSACTION | |
| control field | 20230821103951.0 |
| 008 - FIXED-LENGTH DATA ELEMENTS--GENERAL INFORMATION | |
| fixed length control field | 221219b |||||||| |||| 00| 0 eng d |
| 020 ## - INTERNATIONAL STANDARD BOOK NUMBER | |
| ISBN | 978-9389034-82-0 |
| 041 ## - LANGUAGE CODE | |
| Language code of text/sound track or separate title | eng |
| 082 ## - DEWEY DECIMAL CLASSIFICATION NUMBER | |
| Classification number | 612.7 LEV-H |
| 100 ## - MAIN ENTRY--AUTHOR NAME | |
| Personal name | AVERS DALE AND OTHERS |
| 245 ## - TITLE STATEMENT | |
| Title | DANIELS AND WORTHING HAM'S MUSCLE TESTING :TECHNIQUES OF MANUAL EXAMINATION AND PERFORMANCE TESTING |
| 260 ## - PUBLICATION, DISTRIBUTION, ETC. (IMPRINT) | |
| Place of publication | LONDAN |
| Name of publisher | ELSEVIER |
| Year of publication | 2019 |
| 300 ## - PHYSICAL DESCRIPTION | |
| Number of Pages | 400;P. |
| 650 ## - SUBJECT ADDED ENTRY--TOPICAL TERM | |
| Topical Term | BPT |
| 942 ## - ADDED ENTRY ELEMENTS (KOHA) | |
| Koha item type | Books |
| Lost status | Damaged status | Collection code | Home library | Current library | Shelving location | Date acquired | Source of acquisition | Cost, normal purchase price | Full call number | Accession Number | Koha item type |
|---|---|---|---|---|---|---|---|---|---|---|---|
| Reference | JRU Library | JRU Library | SHELF- 8 - C | 25/10/2022 | LOHIA BOOK INTERNATIONAL | 2570.00 | 612.7-LEV-H | 27062 | Books | ||
| PHYSIOTHERAPY | JRU Library | JRU Library | SHELF-20-C | 25/10/2022 | LOHIA BOOK INTERNATIONAL | 2570.00 | 612.7-LEV-H | 27063 | Books | ||
| PHYSIOTHERAPY | JRU Library | JRU Library | SHELF-20-C | 05/08/2023 | PURCHASE | 10031.12 | 612.7 LEV-H | 27858 | Books |